00654nam a2200157Ia 4500008004100000020001800041041000800059082001600067100003600083245015000119250000600269260006200275300001200337999001900349952012800368210716s2010 xx 000 0 und d a9788184049688 aeng a004.65 FEIM aFeilner, Markus; Graf, Norbert. aBeginning openVPN 2.0.9: build and integrate virtual private networks using openVPN.bBuild and integrate virtual private networks using openVPN. a1 aMumbaibShroff Publishers and Distributors Pvt Ltdc2010 avii;335 c191887d191887 001040708MCAaAIMITbAIMITeAthulya Booksg400.00l0o004.65 FEIMpMCA11395r2025-07-21 00:00:00v300.00w2021-07-16yBK